| 000 | 00336nam a22001337a 4500 | ||
|---|---|---|---|
| 020 | _a978-81-318-0377-6 | ||
| 082 |
_a540 _bVER/C |
||
| 100 | _aN.K.VERMA, S.K.KHANNA | ||
| 245 |
_aCOMPREHENSIVE CHEMISTRY _bCLASS XI - VOL II |
||
| 260 |
_aDELHI _bLAXMI PUBLICATIONS |
||
| 300 | _a312 | ||
| 650 |
_aCHEMISTRY FOR CLASS XI _zINDIA |
||
| 942 | _cBK | ||
| 999 |
_c537 _d537 |
||